Cơ sở hoá học phân tích

Tallennettuna:
Bibliografiset tiedot
Päätekijä: Hoàng Minh Châu
Aineistotyyppi: Kirja
Julkaistu: Khoa học và kỹ thuật 2002
Tagit: Lisää tagi
Ei tageja, Lisää ensimmäinen tagi!
Thư viện lưu trữ: Mạng thư viện Đại học Đà Nẵng
LEADER 00596nam a2200229 a 4500
001 000029997
003 13666
005 20171030145630.0
008 171030s2002
020 |c 52000 
040 |a LTT 
082 0 |a 543  |b HO-C 
100 1 |a Hoàng Minh Châu 
245 0 0 |a Cơ sở hoá học phân tích  |c Hoàng Minh Châu, Từ Văn Mặc, Từ Vọng Nghi. 
260 |b Khoa học và kỹ thuật  |c 2002 
OWN |a LTT 
999 |a From the UDN01 
TYP |a Monograph 
TYP |a Printed language 
980 |a Mạng thư viện Đại học Đà Nẵng